Experimental Tanks of The 1920s-30s - Statistics

General Stats
  • This quiz has been taken 6 times
  • The average score is 8 of 21
Answer Stats
Hint Answer % Correct
Czechoslovakia 1938 Skoda T-21
100%
Hungary 1944 Turan 3
75%
UK 1926 A1 E1 Independent
50%
Germany 1935 Nb.Fz
50%
Hungary 1932 Straussler V-4
50%
USSR 1935 T35
50%
Japan 1925 Type 87 Chi-1
50%
Hungary 1943 44M Tas
25%
UK 1927 Carden Loyd tankette
25%
UK 1935 Cruiser
25%
France 1921 FCM 2c
25%
France 1939 FCM F1
25%
Italy 1921 Fiat 3000
25%
US 1921 M1921
25%
US 1937 M1 Combat Car
25%
UK 1919 Mark 8
25%
UK 1934 Medium Mark 2
25%
Czechoslovakia 1937 St Vz 39
25%
US 1941 T1E1 Heavy
25%
Japan 1935 Type 94 Tankette
25%
UK 1928 Vickers 6 ton
0%
No matching quizzes found
Score Distribution
Percent of People with Each Score
Percentile by Number Answered
Your Score History
You have not taken this quiz